000 01166nam0a22002291 4500
001 rc\2732233
005 20260408005121.0
035 _a(NLR Aleph) 006859586
090 _a6833343
_c6833343
100 _a20110915d1937 |||y0rusy50 ca
101 0 _arus
102 _aRU
105 _ay z |||||
200 1 _aСборник материалов для учителя-заочника, обучающегося за курс педагогического училища. К заседанию Совета при наркоме просвещения. 13-17 сентября 1936 г.
_fНаркомпрос РСФСР. Упр. начальной школы. Центр. ин-т повышения квалификации кадров нар. образ.
210 _a[Ижевск]
_cНКП УАССР
_d1937
_eСарапул
_gтип. изд-ва "Кр. Прикамье"
215 _aОбл., 28 с., без тит. л.
_d22х14 см.
712 0 1 _aРСФСР
_bУправление начальной школы
_3RU\NLR\AUTH\8810169953
_9835720
801 0 _aRU
_bNLR
_gpsbo
801 1 _aRU
_bELAR
_2rusmarc
852 _aNLR
_j37-10/1393
942 _cBOOK
980 _aNB